| Tag |
First Indicator |
Second Indicator |
Subfields |
| LEADER |
00000cam a22000008a 4500 |
| 001 |
in00000081848 |
| 005 |
20151008054155.0 |
| 008 |
810803s1981 sz a b 00110 eng |
| 010 |
|
|
|a 81012300
|
| 020 |
|
|
|a 3764312475
|
| 035 |
|
|
|a (OCoLC)07733152
|
| 035 |
|
|
|9 AAH9866AM
|
| 039 |
0 |
|
|a 2
|b 3
|c 3
|d 3
|e 3
|
| 040 |
|
|
|a DLC
|c DLC
|d TXA
|d UtOrBLW
|
| 041 |
1 |
|
|a eng
|a ger
|
| 049 |
|
|
|a TXAM
|c [1672355]
|
| 050 |
0 |
0 |
|a NA1088.M65
|b B5813 1981
|
| 082 |
0 |
|
|a 720/.92/4
|2 19
|
| 100 |
1 |
|
|a Blaser, Werner,
|d 1924-
|
| 240 |
1 |
0 |
|a Mies van der Rohe, Lehre und Schule.
|l English
|
| 245 |
1 |
0 |
|a Mies van der Rohe, continuing the Chicago school of architecture /
|c Werner Blaser.
|
| 250 |
|
|
|a 2nd ed.
|
| 263 |
|
|
|a 8108
|
| 264 |
|
1 |
|a Basel ;
|a Boston :
|b Birkhauser Verlag,
|c 1981.
|
| 300 |
|
|
|a 307 pages :
|b illustrations (some color) ;
|c 25 cm.
|
| 336 |
|
|
|a text
|b txt
|2 rdacontent
|
| 337 |
|
|
|a unmediated
|b n
|2 rdamedia
|
| 338 |
|
|
|a volume
|b nc
|2 rdacarrier
|
| 500 |
|
|
|a Expanded translation of: Mies van der Rohe, Lehre und Schule.
|
| 500 |
|
|
|a Includes index.
|
| 504 |
|
|
|a Bibliography: page 306.
|
| 600 |
1 |
0 |
|a Mies van der Rohe, Ludwig,
|d 1886-1969.
|
| 650 |
|
0 |
|a Architecture
|x Philosophy.
|
| 999 |
|
|
|a MARS
|
| 999 |
f |
f |
|s 359cfe44-9b66-3a85-9ddb-c52d9a53b92e
|i ee5a451c-c26e-377b-9cac-d35a27628878
|t 0
|
| 952 |
f |
f |
|p normal
|a Texas A&M University
|b College Station
|c Sterling C. Evans Library
|d Evans: Library Stacks
|t 0
|e NA1088.M65 B5813 1981
|h Library of Congress classification
|i unmediated -- volume
|m A14806167815
|
| 998 |
f |
f |
|a NA1088.M65 B5813 1981
|t 0
|l Evans: Library Stacks
|